Responses for show #3373 - Wednesday, April 14, 1999

Helen Petroff game 1.

Contestants

[<< previous game]

Helen Petroff, a research assistant from Los Angeles, California

Steve Bennett, a distribution manager from Alta Loma, California

Bill Jacobs, a doctor from Wellington, Florida (whose 3-day cash winnings total $28,195)

[next game >>]

Jeopardy! Round responses

AUTHORS
MUSICAL STATES
THE NAME ON THE LABEL
CROSSWORD CLUES "F"
APRIL
IN PARIS
    $100 26
Charles Dickens

Bill
    $100 6
California

Steve
    $100 11
Chanel

Helen
    $100 1
Friends

Helen
    $100 16
Passover

Steve
    $100 21
Eiffel Tower

Steve
    $200 27
Mary Shelley

Steve
    $200 7
Texas

Steve
    $200 12
Yves Saint Laurent

Helen
    $200 2
Flop

Helen
    $200 17
Napoleon

Steve
    $200 22
The Louvre

Steve
    $300 28
Ken Kesey

Steve
    $300 8
Kansas

Bill
    $300 13
(B: Who is Ralph Lauren?)

Calvin Klein

BillHelen
    $300 3
Fake

Helen
    $300 18
John Rolfe

Bill
    $300 23
Stock Exchange

Helen
    $400 29
Jack Kerouac

Helen
    $400 9
"Nebraska"

Helen
    $400 14
Rene Lacoste

Bill
    $400 4
Freudian

Bill
    $400 19
Saint George

Helen
    $400 24
le m├ętro

Helen
    $500 30
George Santayana

Helen
    $500 10
(Helen: What is Georgia?)
(Alex: That's another song!)

Massachusetts

Helen
Triple Stumper
    $500 15
Giorgio Armani

Steve
    $500 5
Fettuccine

Bill
    $500 20
Julius Caesar

Helen
    $500 25
(H: What is a fountain?)
(B: What is a sculpture?)
(minute to go...)

Aquarium

BillHelen
Triple Stumper

Scores at the first commercial break (after clue 15):

Bill Steve Helen
$1,300 $800 $1,100

Scores at the end of the Jeopardy! Round:

Bill Steve Helen
$1,200 $1,900 $3,100

Double Jeopardy! Round responses

"SI" THE WORLD
A WOMAN SCORNED
PRESIDENTIAL NICKNAMES
THIS JUST IN...
PUT A KIRK IN IT
IN OTHER WORLDS
    $200 8
Sicily

Bill
    $200 23
Roseanne Barr

Bill
    $200 3
Theodore Roosevelt

Steve
    $200 13
Billy the Kid

Bill
    $200 1
(H: What is "Ben-Hur?")

Spartacus

BillHelen
    $200 18
3rd Rock from the Sun

Bill
    $400 9
Sinai Peninsula

Bill
    $400 24
Ivana Trump

Steve
    $400 4
Ronald Reagan

Bill
    $400 14
Waterloo

Bill
    $400 2
Boxing

Steve
    $400 19
Blue moon

Bill
    $600 10
Singapore

Bill
    $600 25
Amy Fisher

Bill
    $600 5
Benjamin Harrison

Steve
    $600 15
Sputnik

Steve
    $600 27
Lust for Life

Triple Stumper
    $600 20
Under a dark cloud

Steve
    $800 11
Sitka

Steve
    $800 26
(B: Who is Carole King?)
(S: Who is Frank Sinatra?)

Dory Previn

BillSteve
Triple Stumper
    $800 6
James K. Polk

Bill
    $800 16
Prince Albert

Steve
    $500 28
Doc Holliday

Bill
    $800 21
Gone with the Wind

Helen
    $1000 12
(S: What is Sikh?)

Sikkim

Steve
Triple Stumper
    $1000 30
Medea

Helen
    $1000 7
George Washington

Triple Stumper
    $1000 17
Thomas Eagleton

Steve
    $1000 29
A horn

Bill
    $1000 22
A bad hair day

Helen

Scores at the end of the Double Jeopardy! Round:

Bill Steve Helen
$6,500 $5,500 $5,700

[wagering suggestions for these scores]

Final Jeopardy! Round responses

1998
SteveWho Jackie-Joyner Kersee?
$5,399
HelenWho is Florence G. Joyner
$900
BillWho Jackie Joyner-Kersee?
$4,905
Florence Griffith Joyner

Final scores:

Bill Steve Helen
$1,595 $101 $6,600
2nd place: Trip to Spice Island Beach Resort, Grenada 3rd place: Panasonic LCD Palmcorder New champion: $6,600

Game dynamics:

Coryat scores:

Bill Steve Helen
$6,800 $5,500 $5,700
20 R
(including 1 DD),
3 W
18 R
(including 1 DD),
2 W
16 R
(including 1 DD),
3 W

Combined Coryat: $18,000

The J! Archive is created by fans, for fans. The Jeopardy! game show and all elements thereof, including but not limited to copyright and trademark thereto, are the property of Jeopardy Productions, Inc. and are protected under law. This website is not affiliated with, sponsored by, or operated by Jeopardy Productions, Inc. Join the discussion at JBoard.tv.